[Event "Alpenpokal 2010"]
[Site "Fischen-Langenwang"]
[Date "2010.01.14"]
[Round "1.2"]
[White "Wantoch, Markus"]
[Black "Van Baarle, John"]
[Result "0-1"]
[WhiteElo "1911"]
[BlackElo "2241"]
[PlyCount "100"]
[EventDate "2010.??.??"]
[WhiteTeam "Vereinslos"]
[BlackTeam "Gravensande"]

1. e4 e5 2. Nc3 Nf6 3. Bc4 Nc6 4. d3 Na5 5. Nf3 d6 6. O-O Be7 7. h3 c6 8. a4
Nxc4 9. dxc4 Nd7 10. Be3 Qc7 11. Qd2 a5 12. Ne2 O-O 13. Ng3 Nc5 14. Qc3 f6 15.
Bxc5 dxc5 16. Nf5 Rd8 17. Nxe7+ Qxe7 18. Nh4 Rd4 19. Rae1 Be6 20. b3 Qd7 21.
Re3 b6 22. Nf3 Rd6 23. Ne1 Rd1 24. Rd3 Rxd3 25. Qxd3 Qc7 26. Qe3 Rd8 27. Nd3
Qd7 28. Rd1 Qc7 29. Rf1 Rd7 30. Kh1 Bf7 31. f3 h6 32. Kg1 Rd8 33. g4 Qd6 34.
Kf2 Qd4 35. Rd1 Qc3 36. Qe2 Kh7 37. Qd2 Qd4+ 38. Qe3 Kg8 39. Nb2 Qxe3+ 40. Kxe3
Rd4 41. c3 Rxd1 42. Nxd1 Kf8 43. f4 exf4+ 44. Kxf4 Ke7 45. Ne3 g5+ 46. Kf3 h5
47. Ng2 Kd6 48. Ne1 hxg4+ 49. hxg4 b5 50. axb5 cxb5 0-1

[Event "Alpenpokal 2010"]
[Site "Fischen-Langenwang"]
[Date "2010.01.16"]
[Round "3.2"]
[White "Wewers, Reinhard"]
[Black "Diller, Peter"]
[Result "1-0"]
[WhiteElo "2152"]
[BlackElo "1939"]
[PlyCount "87"]
[EventDate "2010.??.??"]
[WhiteTeam "Schachfreunde Essen Überruhr 46/"]
[BlackTeam "SK Rothenburg/Tauber"]

1. Nf3 e6 2. g3 d5 3. Bg2 c5 4. d4 Nf6 5. O-O Nc6 6. c4 dxc4 7. dxc5 Qc7 8. Na3
Bxc5 9. Nxc4 O-O 10. Bf4 Qe7 11. Nfe5 Rd8 12. Nxc6 bxc6 13. Qc2 Nd5 14. Ne5 Bb7
15. Be4 Nxf4 16. Bxh7+ Kf8 17. gxf4 Bd6 18. Be4 Bxe5 19. fxe5 Qg5+ 20. Kh1 Qxe5
21. Bf3 Rd4 22. Rac1 Rad8 23. Qc5+ Qxc5 24. Rxc5 Rd2 25. Ra5 a6 26. b3 R8d4 27.
Rc1 Ke7 28. Kg2 Kd6 29. Kg3 f5 30. e3 Rb4 31. h3 g6 32. Bxc6 f4+ 33. exf4 Rd3+
34. Kg4 Bxc6 35. Rxa6 e5 36. Raxc6+ Kd7 37. R6c4 Rb5 38. fxe5 Rxe5 39. Rc7+ Kd8
40. Rc8+ Ke7 41. R1c7+ Kf6 42. Rf8+ Ke6 43. Re8+ Kd6 44. Rxe5 1-0

[Event "Alpenpokal 2010"]
[Site "Fischen-Langenwang"]
[Date "2010.01.16"]
[Round "3.3"]
[White "Gerhards, Walter"]
[Black "Martino-Groß, Peter"]
[Result "1-0"]
[WhiteElo "1975"]
[BlackElo "2101"]
[PlyCount "83"]
[EventDate "2010.??.??"]
[WhiteTeam "Ratinger Schachklub 1950"]
[BlackTeam "Schachclub Solingen 1928 e.V."]

1. e4 e6 2. d4 d5 3. Nc3 Bb4 4. Bd3 c5 5. a3 cxd4 6. axb4 dxc3 7. exd5 Qxd5 8.
Ne2 cxb2 9. Bxb2 Nf6 10. O-O Nc6 11. Nc3 Qd8 12. Qe2 O-O 13. Rfd1 Bd7 14. b5
Ne7 15. Ne4 Nfd5 16. Qf3 Ng6 17. Ba3 f5 18. Nc5 Rf7 19. Nxb7 Qc7 20. Nc5 Rd8
21. Re1 Ne5 22. Qe2 Nxd3 23. Qxd3 Re8 24. Rad1 Bc8 25. c4 Nf6 26. Qd6 e5 27. f3
Qa5 28. Bb2 e4 29. Bxf6 Rxf6 30. Qd5+ Be6 31. Nxe6 Rfxe6 32. fxe4 Kh8 33. Qxf5
Rf6 34. Qc5 Rfe6 35. e5 h6 36. h3 Qc3 37. Qd5 Rxe5 38. Rxe5 Rxe5 39. Qd8+ Kh7
40. Qd3+ Qxd3 41. Rxd3 Rc5 42. Rd4 1-0

[Event "Alpenpokal 2010"]
[Site "Fischen-Langenwang"]
[Date "2010.01.14"]
[Round "1.3"]
[White "Wewers, Reinhard"]
[Black "Brassat, Juergen"]
[Result "1-0"]
[WhiteElo "2152"]
[BlackElo "1908"]
[PlyCount "81"]
[EventDate "2010.??.??"]
[WhiteTeam "Schachfreunde Essen Überruhr 46/"]
[BlackTeam "SC Eulenspiegel Regensb."]

1. Nf3 c5 2. c4 Nf6 3. g3 b6 4. Bg2 Bb7 5. O-O e6 6. Nc3 Be7 7. Re1 O-O 8. e4
d6 9. d4 cxd4 10. Nxd4 Qc8 11. Be3 Na6 12. f4 Nc5 13. Bf2 Rd8 14. Rc1 a6 15.
Qe2 Qc7 16. b4 Ncd7 17. Nd5 exd5 18. cxd5 Qb8 19. Nc6 Bxc6 20. dxc6 Ra7 21.
cxd7 Nxd7 22. Qc4 Re8 23. Red1 Bd8 24. Qd3 Be7 25. Qc4 Bd8 26. Qd5 Be7 27. Qc6
Bf8 28. a3 Qd8 29. a4 Qe7 30. a5 Nb8 31. Qc2 Nd7 32. axb6 Raa8 33. Qa4 Rac8 34.
Qxa6 Rxc1 35. Rxc1 Nb8 36. Qa7 Qe6 37. b7 Qd7 38. h4 h6 39. Kh2 Nc6 40. Rxc6
Qxc6 41. b8=Q 1-0

[Event "Alpenpokal 2010"]
[Site "Fischen-Langenwang"]
[Date "2010.01.19"]
[Round "6.1"]
[White "Martino-Groß, Peter"]
[Black "Wewers, Reinhard"]
[Result "1/2-1/2"]
[WhiteElo "2101"]
[BlackElo "2152"]
[PlyCount "82"]
[EventDate "2010.??.??"]
[WhiteTeam "Schachclub Solingen 1928 e.V."]
[BlackTeam "Schachfreunde Essen Überruhr 46/"]

1. c4 c5 2. Nc3 Nf6 3. Nf3 e6 4. g3 b6 5. Bg2 Bb7 6. O-O d6 7. d4 cxd4 8. Qxd4
Be7 9. b3 O-O 10. e4 Nbd7 11. Bb2 a6 12. h3 Qc7 13. Kh2 Rfe8 14. Rae1 Rad8 15.
Nd2 Bf8 16. Qd3 Ne5 17. Qe2 Ng6 18. f4 h5 19. Rf2 h4 20. g4 e5 21. f5 Nf4 22.
Qf1 Nh7 23. Nf3 Be7 24. Rd2 Bc6 25. Qf2 Qb7 26. Bf1 b5 27. Nd5 Bxd5 28. cxd5
Rc8 29. Rc1 Nf6 30. Qe3 Rxc1 31. Bxc1 Qc7 32. Bb2 Rc8 33. Ne1 Qc5 34. Qf3 Qb4
35. Qe3 Qc5 36. Qf3 Bd8 37. Nd3 Nxd3 38. Bxd3 Bb6 39. Rd1 Qe3 40. Qxe3 Bxe3 41.
Re1 Bb6 1/2-1/2

[Event "Alpenpokal 2010"]
[Site "Fischen-Langenwang"]
[Date "2010.01.21"]
[Round "8.1"]
[White "Martino-Groß, Peter"]
[Black "Jolowicz, Matias"]
[Result "1/2-1/2"]
[WhiteElo "2101"]
[BlackElo "2242"]
[PlyCount "81"]
[EventDate "2010.??.??"]
[WhiteTeam "Schachclub Solingen 1928 e.V."]
[BlackTeam "SVG Salzgitter e.V."]

1. c4 Nf6 2. Nc3 g6 3. g3 Bg7 4. Bg2 d6 5. d4 O-O 6. Nf3 Nc6 7. O-O a6 8. b3
Rb8 9. a4 Nb4 10. Ba3 a5 11. Na2 c5 12. Nxb4 axb4 13. Bb2 Ne4 14. e3 Qb6 15.
Rc1 Rd8 16. Qe2 h6 17. Rfd1 Bd7 18. Nh4 Nc3 19. Bxc3 bxc3 20. Rxc3 cxd4 21.
exd4 Bxd4 22. Rcd3 Bf6 23. Qe3 Qxe3 24. Rxe3 Kf8 25. Nf3 Bb2 26. Nd4 Ba3 27.
Bf3 Bc5 28. Re2 Bh3 29. Bg2 Bc8 30. Bf3 h5 31. h4 Bh3 32. Bg2 Bg4 33. Nf3 e5
34. Rc1 f5 35. Rec2 f4 36. Kh2 e4 37. Ng5 e3 38. gxf4 exf2 39. Ne4 Be3 40. Rf1
Bf5 41. Kg3 1/2-1/2

[Event "Alpenpokal 2010"]
[Site "Fischen-Langenwang"]
[Date "2010.01.22"]
[Round "9.5"]
[White "Haugg, Gerhard"]
[Black "Van Baarle, John"]
[Result "0-1"]
[WhiteElo "1944"]
[BlackElo "2241"]
[PlyCount "82"]
[EventDate "2010.??.??"]
[WhiteTeam "Spgem Kötz/Ichenhausen"]
[BlackTeam "Gravensande"]

1. d4 Nf6 2. Nf3 e6 3. e3 c5 4. c3 b6 5. Nbd2 Bb7 6. a3 Be7 7. Be2 O-O 8. O-O
d6 9. b4 cxd4 10. cxd4 Nbd7 11. Bb2 Rc8 12. Rc1 Rxc1 13. Qxc1 Ne4 14. Qc2 Ndf6
15. Rc1 Qa8 16. Nxe4 Bxe4 17. Qc7 Nd5 18. Qc4 Re8 19. b5 Nf6 20. Ne1 Kf8 21.
Bf3 d5 22. Bxe4 Nxe4 23. Qd3 g6 24. Nf3 Nd6 25. Qb3 f6 26. a4 Rc8 27. Rxc8+
Qxc8 28. Nd2 Ke8 29. Qc3 Nc4 30. Nxc4 dxc4 31. f3 a5 32. Qc2 Bb4 33. Kf2 c3 34.
Ba1 Qc4 35. Ke1 Kd7 36. Kf2 f5 37. h3 f4 38. g3 fxe3+ 39. Kxe3 Ke7 40. h4 e5
41. Qd3 exd4+ 0-1

[Event "Alpenpokal 2010"]
[Site "Fischen-Langenwang"]
[Date "2010.01.20"]
[Round "7.3"]
[White "Gerhards, Walter"]
[Black "Van Baarle, John"]
[Result "1-0"]
[WhiteElo "1975"]
[BlackElo "2241"]
[PlyCount "80"]
[EventDate "2010.??.??"]
[WhiteTeam "Ratinger Schachklub 1950"]
[BlackTeam "Gravensande"]

1. e4 e5 2. Nf3 Nc6 3. Bb5 a6 4. Ba4 Nf6 5. O-O Be7 6. Re1 b5 7. Bb3 d6 8. c3
O-O 9. h3 Nb8 10. d4 Nbd7 11. Nbd2 Bb7 12. Bc2 Re8 13. Nf1 Bf8 14. Ng3 g6 15.
d5 c6 16. dxc6 Bxc6 17. a4 Nb6 18. axb5 axb5 19. Bg5 Rxa1 20. Qxa1 Be7 21. b3
Qc7 22. Qb2 Bd7 23. Ra1 Rc8 24. Bd2 d5 25. Bd3 dxe4 26. Nxe4 Nxe4 27. Bxe4 f5
28. Bc2 Bf6 29. b4 Be6 30. Bb3 Bxb3 31. Qxb3+ Nc4 32. Be3 Kh8 33. Ra7 Qd6 34.
Nd2 f4 35. Ne4 Qc6 36. Nxf6 Qxf6 37. Bc5 Qd8 38. Qa2 Rb8 39. Be7 Qd1+ 40. Kh2
Rb6 1-0

[Event "Alpenpokal 2010"]
[Site "Fischen-Langenwang"]
[Date "2010.01.22"]
[Round "9.1"]
[White "Wewers, Reinhard"]
[Black "Maugg, Ludwig"]
[Result "0-1"]
[WhiteElo "2152"]
[BlackElo "2068"]
[PlyCount "78"]
[EventDate "2010.??.??"]
[WhiteTeam "Schachfreunde Essen Überruhr 46/"]
[BlackTeam "SC Sonthofen"]

1. Nf3 c5 2. c4 Nc6 3. Nc3 e5 4. g3 g6 5. Bg2 Bg7 6. O-O Nge7 7. a3 a5 8. d3 d6
9. Ne1 Be6 10. Nc2 d5 11. cxd5 Nxd5 12. Ne3 Nde7 13. Nc4 O-O 14. Qa4 Rb8 15.
Nb5 Nd5 16. Bd2 b6 17. Bc3 Nd4 18. Bxd4 exd4 19. Qc2 Qd7 20. a4 Bh3 21. Rae1
Rfe8 22. Qd2 Bxg2 23. Kxg2 Re6 24. Rd1 Rbe8 25. Rfe1 Qe7 26. Kf1 h5 27. Nba3 h4
28. e4 dxe3 29. Nxe3 Nxe3+ 30. Rxe3 Bh6 31. Rxe6 Qxe6 32. Qc2 Qh3+ 33. Kg1 hxg3
34. hxg3 Be3 35. fxe3 Rxe3 36. Qh2 Rxg3+ 37. Kh1 Qg4 38. Rg1 Qf3+ 39. Rg2 Rh3
0-1

[Event "Alpenpokal 2010"]
[Site "Fischen-Langenwang"]
[Date "2010.01.15"]
[Round "2.2"]
[White "Van Baarle, John"]
[Black "Krotofil, Kurt"]
[Result "1-0"]
[WhiteElo "2241"]
[BlackElo "2030"]
[PlyCount "75"]
[EventDate "2010.??.??"]
[WhiteTeam "Gravensande"]
[BlackTeam "Niendorfer TSV 1919 SAbt"]

1. d4 d5 2. c4 c6 3. Nf3 Nf6 4. Nc3 e6 5. cxd5 cxd5 6. Bf4 Bd6 7. Bxd6 Qxd6 8.
e3 Nc6 9. Bd3 O-O 10. O-O a6 11. Rc1 b5 12. a4 b4 13. Nb1 Bb7 14. Nbd2 Na5 15.
Rc5 Qb6 16. Qc2 Rfc8 17. Rc1 g6 18. Ne5 Rxc5 19. Qxc5 Qd8 20. Qxb4 Rb8 21. Qa3
Nd7 22. Nxd7 Qxd7 23. b4 Nc6 24. b5 axb5 25. axb5 Ne7 26. Nb3 Nc8 27. Qc5 Qd8
28. Qc7 Qxc7 29. Rxc7 Nd6 30. Rd7 Nc4 31. Nc5 Bc8 32. Rd8+ Kg7 33. Kf1 Ra8 34.
Na6 Kf6 35. Bxc4 dxc4 36. Ke2 Ke7 37. Rxc8 Rxc8 38. b6 1-0

[Event "Alpenpokal 2010"]
[Site "Fischen-Langenwang"]
[Date "2010.01.19"]
[Round "6.5"]
[White "Schell, John"]
[Black "Josting, Friedel"]
[Result "1-0"]
[WhiteElo "1938"]
[BlackElo "2008"]
[PlyCount "75"]
[EventDate "2010.??.??"]
[BlackTeam "Schachgemeinschaft Bünde 1945"]

1. d4 Nf6 2. Nf3 e6 3. c4 b6 4. Nc3 Bb7 5. Bg5 Be7 6. e3 Ne4 7. Bxe7 Qxe7 8.
Qc2 f5 9. Bd3 Nf6 10. O-O-O d6 11. d5 g6 12. dxe6 O-O 13. e4 fxe4 14. Nxe4 Na6
15. Neg5 Nb4 16. Qd2 Nxd3+ 17. Qxd3 Ng4 18. Qd2 Rae8 19. h4 h5 20. Rhe1 Bxf3
21. gxf3 Ne5 22. f4 Ng4 23. Qc2 Qf6 24. Kb1 Qf5 25. Re4 Re7 26. Rd5 Qf6 27. a3
Qg7 28. Rd1 Nf6 29. Ree1 Nh7 30. Nf7 Rfe8 31. f5 Nf8 32. Rg1 Qf6 33. Rg5 Kh7
34. Rdg1 a6 35. Qd1 Rxf7 36. exf7 Qxf7 37. fxg6+ Nxg6 38. Qxh5+ 1-0

[Event "Alpenpokal 2010"]
[Site "Fischen-Langenwang"]
[Date "2010.01.16"]
[Round "3.4"]
[White "Jolowicz, Matias"]
[Black "Korhonen, Erkki"]
[Result "1-0"]
[WhiteElo "2242"]
[BlackElo "1990"]
[PlyCount "71"]
[EventDate "2010.??.??"]
[WhiteTeam "SVG Salzgitter e.V."]
[BlackTeam "Helsinki"]

1. d4 Nf6 2. c4 e6 3. Nf3 d5 4. Nc3 c6 5. Bg5 h6 6. Bh4 dxc4 7. e4 g5 8. Bg3 b5
9. h4 g4 10. Ne5 h5 11. f3 Bb7 12. Be2 Nbd7 13. Qc2 a6 14. fxg4 c5 15. Nxd7
Qxd7 16. Be5 Be7 17. g5 cxd4 18. gxf6 d3 19. Qd2 Bd6 20. Bxd6 Qxd6 21. Bf3 Qg3+
22. Qf2 Qf4 23. O-O Rc8 24. Qb6 Qb8 25. a3 Rg8 26. Rf2 Rc6 27. Qd4 e5 28. Qe3
Rxf6 29. Bxh5 Rxf2 30. Qxf2 Qc7 31. Rf1 Rg7 32. Qf6 Qc5+ 33. Kh1 Qe7 34. Qxg7
Qxh4+ 35. Kg1 Qxh5 36. Rf5 1-0

[Event "Alpenpokal 2010"]
[Site "Fischen-Langenwang"]
[Date "2010.01.15"]
[Round "2.1"]
[White "Vreugdenhil, Frans"]
[Black "Jolowicz, Matias"]
[Result "1/2-1/2"]
[WhiteElo "2024"]
[BlackElo "2242"]
[PlyCount "69"]
[EventDate "2010.??.??"]
[WhiteTeam "Gravensande"]
[BlackTeam "SVG Salzgitter e.V."]

1. e4 c5 2. Nf3 Nc6 3. d4 cxd4 4. Nxd4 g6 5. Nc3 Bg7 6. Nb3 Nf6 7. Be3 O-O 8.
Be2 a5 9. a4 Nb4 10. O-O d5 11. exd5 Nfxd5 12. Nxd5 Nxd5 13. Bd4 Nf4 14. Bxg7
Kxg7 15. Bf3 Qc7 16. Qd4+ e5 17. Qc5 Qxc5 18. Nxc5 Rb8 19. Rfd1 b5 20. g3 Ne6
21. Nb3 Ng5 22. Bg2 Bf5 23. Rd2 Rfc8 24. c3 b4 25. cxb4 Rxb4 26. Nxa5 Rxa4 27.
Rdd1 Rb4 28. Rd2 Rb5 29. h4 Ne6 30. Nc6 Rc7 31. Ra5 Rxa5 32. Nxa5 Nd4 33. b4
Rc1+ 34. Kh2 Rb1 35. Nc4 1/2-1/2

[Event "Alpenpokal 2010"]
[Site "Fischen-Langenwang"]
[Date "2010.01.21"]
[Round "8.3"]
[White "Maugg, Ludwig"]
[Black "Gerhards, Walter"]
[Result "1-0"]
[WhiteElo "2068"]
[BlackElo "1975"]
[PlyCount "67"]
[EventDate "2010.??.??"]
[WhiteTeam "SC Sonthofen"]
[BlackTeam "Ratinger Schachklub 1950"]

1. d4 d5 2. c4 Nc6 3. Nc3 e6 4. Nf3 Be7 5. Bf4 a6 6. e3 Nf6 7. Bd3 O-O 8. O-O
Nb4 9. Be2 dxc4 10. Bxc4 b5 11. Be2 Bb7 12. Ne5 c5 13. Rc1 cxd4 14. exd4 Nfd5
15. Be3 Bd6 16. Qd2 Nxe3 17. Qxe3 Qe7 18. Bf3 Rad8 19. Rfd1 Bb8 20. a3 Bxf3 21.
Qxf3 Nd5 22. Nc6 Qd6 23. Nxd5 Qxh2+ 24. Kf1 exd5 25. Nxd8 Qh1+ 26. Ke2 Re8+ 27.
Kd2 Qh6+ 28. Kc2 Rxd8 29. Kb1 Kf8 30. Re1 Qb6 31. Rc5 Qb7 32. Rec1 g6 33. Qf6
Qd7 34. Qh8+ 1-0

[Event "Alpenpokal 2010"]
[Site "Fischen-Langenwang"]
[Date "2010.01.21"]
[Round "8.2"]
[White "Wewers, Reinhard"]
[Black "Haugg, Gerhard"]
[Result "1-0"]
[WhiteElo "2152"]
[BlackElo "1944"]
[PlyCount "63"]
[EventDate "2010.??.??"]
[WhiteTeam "Schachfreunde Essen Überruhr 46/"]
[BlackTeam "Spgem Kötz/Ichenhausen"]

1. Nf3 d5 2. g3 Bg4 3. Bg2 Nf6 4. c4 c6 5. Ne5 e6 6. cxd5 exd5 7. O-O Bf5 8. d3
Bd6 9. Nf3 O-O 10. Be3 Re8 11. Re1 Qd7 12. Bd4 Ng4 13. b3 Na6 14. Nbd2 c5 15.
Bb2 d4 16. a3 Rab8 17. Ng5 Nf6 18. Nge4 Nxe4 19. Nxe4 Bf8 20. Qd2 b6 21. Qf4
Bg6 22. h4 Qf5 23. Bc1 Qe6 24. Rb1 Rbd8 25. Ng5 Qd6 26. Qf3 h6 27. h5 Bxh5 28.
Qxh5 hxg5 29. Bxg5 Be7 30. Bf4 Qf6 31. Be4 Nb8 32. Qh7+ 1-0

[Event "Alpenpokal 2010"]
[Site "Fischen-Langenwang"]
[Date "2010.01.17"]
[Round "4.3"]
[White "Haugg, Gerhard"]
[Black "Maugg, Ludwig"]
[Result "1/2-1/2"]
[WhiteElo "1944"]
[BlackElo "2068"]
[PlyCount "64"]
[EventDate "2010.??.??"]
[WhiteTeam "Spgem Kötz/Ichenhausen"]
[BlackTeam "SC Sonthofen"]

1. e4 c5 2. Nf3 Nc6 3. Bb5 e6 4. Bxc6 bxc6 5. d3 d5 6. O-O Ne7 7. b3 Ng6 8. Bb2
f6 9. Nbd2 Bd6 10. c4 d4 11. Re1 a5 12. Kh1 O-O 13. Ng1 Qc7 14. Ndf3 Bd7 15. h3
Rfb8 16. Qc2 a4 17. bxa4 Rb4 18. a3 Rbxa4 19. Reb1 R4a7 20. Bc1 Bf4 21. Ne2
Bxc1 22. Qxc1 e5 23. Ne1 Rb7 24. Rxb7 Qxb7 25. Rb1 Qc8 26. Kh2 f5 27. f3 f4 28.
Nc2 Nh4 29. Qb2 Bxh3 30. gxh3 Nxf3+ 31. Kg2 Nh4+ 32. Kh2 Nf3+ 1/2-1/2

[Event "Alpenpokal 2010"]
[Site "Fischen-Langenwang"]
[Date "2010.01.18"]
[Round "5.3"]
[White "Vreugdenhil, Frans"]
[Black "Wempe, Jürgen"]
[Result "1/2-1/2"]
[WhiteElo "2024"]
[BlackElo "2170"]
[PlyCount "58"]
[EventDate "2010.??.??"]
[WhiteTeam "Gravensande"]
[BlackTeam "SK Union Oldenburg"]

1. e4 c5 2. Nf3 Nf6 3. e5 Nd5 4. c3 Nc6 5. d4 cxd4 6. cxd4 d6 7. Bc4 e6 8. O-O
Be7 9. Qe2 O-O 10. Qe4 Ncb4 11. Bd2 f5 12. exf6 Nxf6 13. Qe2 Nc2 14. Ba5 Qxa5
15. Qxc2 Bd7 16. Nc3 Rac8 17. Qe2 Qf5 18. Rfe1 Rxc4 19. Qxc4 Rc8 20. Qe2 b5 21.
a3 a5 22. Rac1 Rb8 23. Qc2 Qh5 24. Ne2 Nd5 25. Qe4 Rf8 26. Rc2 g5 27. Rec1 Qf7
28. Nc3 Nf4 29. Ne2 Nd5 1/2-1/2

[Event "Alpenpokal 2010"]
[Site "Fischen-Langenwang"]
[Date "2010.01.18"]
[Round "5.2"]
[White "Jolowicz, Matias"]
[Black "Gerhards, Walter"]
[Result "1-0"]
[WhiteElo "2242"]
[BlackElo "1975"]
[PlyCount "57"]
[EventDate "2010.??.??"]
[WhiteTeam "SVG Salzgitter e.V."]
[BlackTeam "Ratinger Schachklub 1950"]

1. c4 Nf6 2. g3 c5 3. Bg2 Nc6 4. Nc3 e6 5. Nf3 Be7 6. d4 cxd4 7. Nxd4 O-O 8.
O-O a6 9. e4 Qb6 10. Nb3 d6 11. Be3 Qc7 12. Rc1 Bd7 13. Nd5 exd5 14. cxd5 Qd8
15. dxc6 Bxc6 16. f3 Rc8 17. Qd2 Bb5 18. Rxc8 Qxc8 19. Rc1 Qd7 20. Nd4 Rd8 21.
Nf5 Bf8 22. Bh3 Qe8 23. Bb6 Ra8 24. Nxd6 Qe5 25. Nf5 g6 26. Bd4 Nxe4 27. Qe3
Qe8 28. fxe4 Bc6 29. Nh6+ 1-0

[Event "Alpenpokal 2010"]
[Site "Fischen-Langenwang"]
[Date "2010.01.18"]
[Round "5.4"]
[White "Haugg, Gerhard"]
[Black "Martino-Groß, Peter"]
[Result "0-1"]
[WhiteElo "1944"]
[BlackElo "2101"]
[PlyCount "54"]
[EventDate "2010.??.??"]
[WhiteTeam "Spgem Kötz/Ichenhausen"]
[BlackTeam "Schachclub Solingen 1928 e.V."]

1. d4 Nf6 2. e3 g6 3. Nf3 Bg7 4. Be2 d5 5. O-O O-O 6. c4 c5 7. dxc5 dxc4 8.
Qxd8 Rxd8 9. Bxc4 Ne4 10. Na3 Nc6 11. h3 a6 12. Bb3 Nxc5 13. Bc2 Nb4 14. Bb1
Ncd3 15. Rd1 Be6 16. Nd4 Nxc1 17. Rxc1 Bxd4 18. exd4 Rxd4 19. b3 Rad8 20. Kh2
Rd1 21. Be4 Rxc1 22. Rxc1 Nxa2 23. Rc7 b5 24. Bb7 Rd6 25. Rc6 Rxc6 26. Bxc6
Bxb3 27. Bb7 b4 0-1

[Event "Alpenpokal 2010"]
[Site "Fischen-Langenwang"]
[Date "2010.01.22"]
[Round "9.18"]
[White "Winter, Rudolf"]
[Black "Westermayer, Johann"]
[Result "1-0"]
[WhiteElo "1879"]
[BlackElo "1703"]
[PlyCount "51"]
[EventDate "2010.??.??"]
[WhiteTeam "SV 1946 Groß-Gerau"]
[BlackTeam "Floetzersteig/Breitensee"]

1. Nf3 c6 2. d4 d6 3. e3 Bg4 4. Nbd2 Nd7 5. Bd3 Ngf6 6. c4 e5 7. Qc2 Be7 8. h3
Bh5 9. O-O Qc7 10. e4 O-O-O 11. b4 d5 12. c5 exd4 13. Bb2 dxe4 14. Bxe4 Bg6 15.
Bxg6 hxg6 16. Bxd4 Rde8 17. Rfe1 Nd5 18. Qa4 a6 19. Ne5 Nxe5 20. Bxe5 Qd8 21.
Nc4 f6 22. Bg3 Bf8 23. Bd6 Rxe1+ 24. Rxe1 Rh5 25. Bxf8 Qxf8 26. Nd6+ 1-0

[Event "Alpenpokal 2010"]
[Site "Fischen-Langenwang"]
[Date "2010.01.16"]
[Round "3.1"]
[White "Maugg, Ludwig"]
[Black "Van Baarle, John"]
[Result "1/2-1/2"]
[WhiteElo "2068"]
[BlackElo "2241"]
[PlyCount "51"]
[EventDate "2010.??.??"]
[WhiteTeam "SC Sonthofen"]
[BlackTeam "Gravensande"]

1. d4 d5 2. c4 e6 3. Nc3 Nf6 4. cxd5 exd5 5. Bg5 c6 6. e3 Be7 7. Qc2 O-O 8. Bd3
Nbd7 9. Nge2 Re8 10. O-O Ne4 11. Bxe7 Qxe7 12. Rae1 Ndf6 13. f3 Nxc3 14. Nxc3
c5 15. dxc5 Qxc5 16. Nb5 Qxc2 17. Bxc2 Re7 18. Kf2 a6 19. Nd4 Rc7 20. Rc1 g6
21. Bb3 Rxc1 22. Rxc1 Kf8 23. Rc7 Rb8 24. g4 h6 25. h4 g5 26. Kg3 1/2-1/2

[Event "Alpenpokal 2010"]
[Site "Fischen-Langenwang"]
[Date "2010.01.17"]
[Round "4.1"]
[White "Gerhards, Walter"]
[Black "Wewers, Reinhard"]
[Result "0-1"]
[WhiteElo "1975"]
[BlackElo "2152"]
[PlyCount "52"]
[EventDate "2010.??.??"]
[WhiteTeam "Ratinger Schachklub 1950"]
[BlackTeam "Schachfreunde Essen Überruhr 46/"]

1. e4 c5 2. Nf3 e6 3. d4 cxd4 4. Nxd4 a6 5. Be3 Nf6 6. Nc3 Qc7 7. Bd3 Bb4 8.
Nde2 d5 9. O-O Bd6 10. h3 dxe4 11. Nxe4 Nxe4 12. Bxe4 O-O 13. Nc3 Nd7 14. Qd3
f5 15. Bf3 Ne5 16. Qe2 Nxf3+ 17. Qxf3 Bd7 18. Rad1 Bc6 19. Qe2 Rae8 20. Rfe1
Qe7 21. Qc4 Bb8 22. Bf4 Qh4 23. Rxe6 Kh8 24. Rxe8 Rxe8 25. Rd4 Re1+ 26. Kh2
Rh1+ 0-1

[Event "Alpenpokal 2010"]
[Site "Fischen-Langenwang"]
[Date "2010.01.21"]
[Round "8.7"]
[White "Menge, Matthias"]
[Black "Krotofil, Kurt"]
[Result "1/2-1/2"]
[WhiteElo "2074"]
[BlackElo "2030"]
[PlyCount "45"]
[EventDate "2010.??.??"]
[WhiteTeam "SC Durmersheim"]
[BlackTeam "Niendorfer TSV 1919 SAbt"]

1. e4 c5 2. d3 Nc6 3. g3 e6 4. Bg2 d5 5. Nd2 Nf6 6. Nh3 Be7 7. f4 d4 8. O-O h5
9. Nf2 g6 10. a4 Kf8 11. Nc4 b6 12. e5 Nd5 13. Ne4 Kg7 14. Qe2 Bd7 15. Bd2 a6
16. Ncd6 Qc7 17. h3 Rag8 18. b3 Rf8 19. Rae1 Rfg8 20. Rf2 Rf8 21. Ref1 Rh7 22.
Ng5 Rhh8 23. Nde4 1/2-1/2

[Event "Alpenpokal 2010"]
[Site "Fischen-Langenwang"]
[Date "2010.01.19"]
[Round "6.9"]
[White "Schwichtenberg, Jürgen"]
[Black "Froehlich, Rainer"]
[Result "0-1"]
[WhiteElo "1879"]
[BlackElo "2124"]
[PlyCount "42"]
[EventDate "2010.??.??"]
[WhiteTeam "SV 1920 Hofheim"]
[BlackTeam "SC Sonthofen"]

1. b4 e5 2. Bb2 d6 3. b5 Nf6 4. e3 Be7 5. Nf3 O-O 6. d4 e4 7. Nfd2 d5 8. Be2 c6
9. a4 a6 10. c4 axb5 11. axb5 Rxa1 12. Bxa1 dxc4 13. bxc6 b5 14. O-O Nxc6 15.
Nc3 Qa5 16. Ncxe4 Nd5 17. Nc5 Bxc5 18. dxc5 Rd8 19. Bd4 Nxd4 20. exd4 Nc3 21.
Qe1 Re8 0-1

[Event "Alpenpokal 2010"]
[Site "Fischen-Langenwang"]
[Date "2010.01.14"]
[Round "1.1"]
[White "Jolowicz, Matias"]
[Black "Schell, John"]
[Result "1-0"]
[WhiteElo "2242"]
[BlackElo "1938"]
[PlyCount "41"]
[EventDate "2010.??.??"]
[WhiteTeam "SVG Salzgitter e.V."]

1. c4 Nf6 2. Nc3 e6 3. e4 c5 4. e5 Ng8 5. Nf3 Nc6 6. d4 cxd4 7. Nxd4 Nxe5 8.
Ndb5 d6 9. c5 a6 10. Nxd6+ Bxd6 11. cxd6 Nf6 12. Bf4 Ng6 13. Bg3 Bd7 14. h4 Bc6
15. h5 Nf8 16. h6 gxh6 17. Rxh6 Ne4 18. Nxe4 Bxe4 19. Qd4 Qa5+ 20. b4 Qg5 21.
Rh4 1-0

[Event "Alpenpokal 2010"]
[Site "Fischen-Langenwang"]
[Date "2010.01.20"]
[Round "7.5"]
[White "Diller, Peter"]
[Black "Maugg, Ludwig"]
[Result "0-1"]
[WhiteElo "1939"]
[BlackElo "2068"]
[PlyCount "42"]
[EventDate "2010.??.??"]
[WhiteTeam "SK Rothenburg/Tauber"]
[BlackTeam "SC Sonthofen"]

1. e4 c5 2. f4 d5 3. exd5 Nf6 4. c4 e6 5. dxe6 Bxe6 6. Nf3 Nc6 7. Be2 g6 8. O-O
Bg7 9. Nc3 O-O 10. d3 Re8 11. Ne4 Bf5 12. Ng3 Qd7 13. a4 Re7 14. b3 Ng4 15.
Nxf5 Qxf5 16. Ra2 Nb4 17. Ra3 Rae8 18. Ng5 Rxe2 19. Ne4 Bd4+ 20. Kh1 Qh5 21. h3
Qxh3+ 0-1

[Event "Alpenpokal 2010"]
[Site "Fischen-Langenwang"]
[Date "2010.01.19"]
[Round "6.2"]
[White "Wempe, Jürgen"]
[Black "Jolowicz, Matias"]
[Result "0-1"]
[WhiteElo "2170"]
[BlackElo "2242"]
[PlyCount "40"]
[EventDate "2010.??.??"]
[WhiteTeam "SK Union Oldenburg"]
[BlackTeam "SVG Salzgitter e.V."]

1. e4 c5 2. Nf3 g6 3. Bc4 Bg7 4. O-O Nc6 5. Re1 e6 6. h3 Nge7 7. a4 O-O 8. c3
d5 9. exd5 Nxd5 10. d4 cxd4 11. Bg5 Qb6 12. Ra3 Qc5 13. Bxd5 Qxd5 14. Qc1 b6
15. Bh6 Bb7 16. Bxg7 Kxg7 17. cxd4 Nxd4 18. Qc3 e5 19. Rxe5 Qxe5 20. Nxe5 Ne2+
0-1

[Event "Alpenpokal 2010"]
[Site "Fischen-Langenwang"]
[Date "2010.01.20"]
[Round "7.1"]
[White "Jolowicz, Matias"]
[Black "Wewers, Reinhard"]
[Result "1/2-1/2"]
[WhiteElo "2242"]
[BlackElo "2152"]
[PlyCount "37"]
[EventDate "2010.??.??"]
[WhiteTeam "SVG Salzgitter e.V."]
[BlackTeam "Schachfreunde Essen Überruhr 46/"]

1. d4 e6 2. c4 Nf6 3. Nc3 c5 4. d5 exd5 5. cxd5 d6 6. e4 g6 7. Bd3 a6 8. a4 Bg7
9. Bf4 O-O 10. Nge2 Nh5 11. Be3 f5 12. Qd2 Nd7 13. exf5 gxf5 14. Bh6 Ne5 15.
Bxg7 Kxg7 16. O-O Qh4 17. f4 Nxd3 18. Qxd3 Bd7 19. Ng3 1/2-1/2

[Event "Alpenpokal 2010"]
[Site "Fischen-Langenwang"]
[Date "2010.01.15"]
[Round "2.4"]
[White "Johanssen, Torsten"]
[Black "Wewers, Reinhard"]
[Result "0-1"]
[WhiteElo "1965"]
[BlackElo "2152"]
[PlyCount "38"]
[EventDate "2010.??.??"]
[WhiteTeam "Vereinslos"]
[BlackTeam "Schachfreunde Essen Überruhr 46/"]

1. c4 c5 2. g3 Nf6 3. Bg2 e6 4. Nc3 d5 5. cxd5 exd5 6. e3 d4 7. exd4 cxd4 8.
Qa4+ Nc6 9. Nb5 Bc5 10. Nf3 Qe7+ 11. Kf1 d3 12. Nfd4 O-O 13. h4 Re8 14. Bxc6
bxc6 15. Nc3 Ng4 16. Nd1 Bxd4 17. Qxd4 c5 18. Qxd3 Qe1+ 19. Kg2 Bb7+ 0-1